Fr. Conceicao Rodrigues College of Engineering

Embedded C programming and the microchip PIC (Record no. 25986)

MARC details
000 -LEADER
fixed length control field 00401nam a2200169Ia 4500
082 ## - DEWEY DECIMAL CLASSIFICATION NUMBER
Classification number 003.3/BAR
Item number BAR
100 ## - MAIN ENTRY--PERSONAL NAME
Personal name Barnett/Richard/ Cox
245 ## - TITLE STATEMENT
Title Embedded C programming and the microchip PIC
260 ## - PUBLICATION, DISTRIBUTION, ETC.
Name of publisher, distributor, etc. Thomson Learning
Place of publication, distribution, etc. Mumbai
Date of publication, distribution, etc. 2006
366 ## - TRADE AVAILABILITY INFORMATION
Publishers's discount category 20
300 ## - PHYSICAL DESCRIPTION
Extent 498
546 ## - LANGUAGE NOTE
Language note ENGLISH
650 ## - SUBJECT ADDED ENTRY--TOPICAL TERM
Topical term or geographic name entry element C Programming
654 ## - SUBJECT ADDED ENTRY--FACETED TOPICAL TERMS
Focus term embedded c programming
942 ## - ADDED ENTRY ELEMENTS (KOHA)
Koha item type BOOK
Holdings
Withdrawn status Lost status Damaged status Not for loan Collection Home library Current library Date acquired Source of acquisition Cost, normal purchase price Inventory number Total Checkouts Full call number Barcode Date last seen Cost, replacement price Price effective from Koha item type
        CRC Fr. Agnel's C.Rodrigues College of Engineering Fr. Agnel's C.Rodrigues College of Engineering 17/03/2023 United Book Distributors 340.00 6281 dt 26/03/2008   003.3/BAR BAR 18630 17/03/2023 425.00   BOOK